000 00498 a2200169 4500
003 Nust
005 20230201134115.0
040 _cNust
082 _a940,THE
100 _aA. J. Herbertson
_9108408
245 _aThe Oxford survey of the British Empire /
_cA. J. Herbertson
260 _aLondon
_bOxford universty press
_c1914
300 _a505
505 _aIndia (Page-1), Other Possessions (Page-338).
650 _aThe oxford survey of the british empire
_9108409
942 _2ddc
_cBK
_k940,THE
999 _c187086
_d187086